LEADER 01500cam a2200325 i 4500 001 991003558039707536 005 20020503200014.0 008 930923s1991 caua 001 0 eng 020 $a012182103X (v.202) 020 $a0121821048 (v.203) 035 $ab1052339x-39ule_inst 035 $aEXGIL122957$9ExL 040 $aBiblioteca Interfacoltà$bita 245 00$aMolecular design and modeling :$bconcepts and applications 260 $aSan Diego [etc.] :$bAcademic press,$cc1991 300 $a2 v. :$bill. ;$c24 cm 490 0 $aMethods in enzymology ;$v202 490 0 $aMethods in enzymology ;$v203 504 $aInclude referenze bibliografiche ed indici 505 00$gPt.A:$tProteins, peptides, and enzyme /$redited by John J.Langone. - 1991. - xxxi, 824 p. 505 00$gPt.B:$tAntibodies and antigens, nucleic acids, polysaccarides, and drugs /$redited by John J. Langone. - 1991. - xxxi, 764 p. 650 4$aMolecola 700 1 $aLangone, John Joseph 907 $a.b1052339x$b21-02-17$c27-06-02 912 $a991003558039707536 945 $aLE002 Coll. 21.202 [dislocato c/o Biblioteca DiSTeBA]$cPt. A$g1$i2002000003171$lle003$o-$pE0.00$q-$rl$s- $t0$u0$v0$w0$x0$y.i10602021$z27-06-02 945 $aLE002 Coll. 21.203 [dislocato c/o Biblioteca DiSTeBA]$cPt. B$g1$i2002000003188$lle003$o-$pE0.00$q-$rl$s- $t0$u0$v0$w0$x0$y.i10602033$z27-06-02 996 $aMolecular design and modeling$9216874 997 $aUNISALENTO 998 $ale003$b01-01-93$cm$da $e-$feng$gcau$h0$i2